Shaping a Flexible Employment Structure in Case of Slovak Enterprises

Na minha lista:
Detalhes bibliográficos
Autor principal: Gontkovičová, Barbora, 1986-
Formato: Capítulo de Livro
Idioma:inglês
Assuntos:
Tags: Adicionar Tag
Sem tags, seja o primeiro a adicionar uma tag!

MARC

LEADER 00000naa$a2200000$$$4500
001 0269183
005 20240502074220.8
041 0 |a eng 
044 |a SK 
245 1 0 |a Shaping a Flexible Employment Structure in Case of Slovak Enterprises  |c Barbora Gontkovičová 
500 |a abstrakt 
610 2 0 |a zamestnanosť 
610 2 0 |a sily pracovné 
610 2 0 |a flexibilita 
610 2 0 |a zamestnávatelia 
610 2 0 |a zamestnanci 
100 1 |a Gontkovičová, Barbora, 1986-